| 000 | 00990nam a22003137a 4500 | ||
|---|---|---|---|
| 003 | IBSLLIB | ||
| 005 | 20260512101044.0 | ||
| 008 | 260512b |||||||| |||| 00| 0 eng d | ||
| 020 | _a978259098031 | ||
| 040 |
_aIBSLLIB _beng |
||
| 041 | _hEng | ||
| 082 |
_a658.049 _bHIL |
||
| 100 | _aHill , Charles | ||
| 245 |
_aInternational Business : _bCompeting in the Global Marketplace |
||
| 250 | _a10th ed. | ||
| 260 |
_aDelhi : _bMcGraw Hill Education private Limited , _c2014 |
||
| 300 |
_a805 p ; _c25 cm |
||
| 505 | _aIntroduction and overview | ||
| 505 | _aCountry differences | ||
| 505 | _aThe Global trade and investment environment | ||
| 505 | _aThe Global monetary system | ||
| 505 | _aThe Strategy and structure of international business | ||
| 505 | _aInternational business functions | ||
| 650 | _ainternational business | ||
| 650 | _apolitical economy | ||
| 650 | _ahuman resource management | ||
| 700 |
_aJain , Kumar Arun _eCoo Author |
||
| 942 | _cLBK | ||
| 999 |
_c22113 _d22113 |
||